[Event "Paul Keres mem 46th"]
[Site "Richmond CAN"]
[Date "2022.05.23"]
[Round "6.9"]
[White "Qiu, Peter Yong"]
[Black "Song, Ethan"]
[Result "1/2-1/2"]
[WhiteElo "1864"]
[BlackElo "2012"]
[PlyCount "151"]
[EventDate "2022.05.21"]
[EventType "swiss"]
[EventRounds "6"]
[EventCountry "CAN"]

1. e4 e5 2. Nc3 Nc6 3. Bc4 Bc5 4. Qg4 g6 5. Qf3 Nf6 6. Nge2 d6 7. h3 h6 8. d3
Nb4 9. Bb3 Be6 10. a3 Nc6 11. Nd5 Bxd5 12. exd5 Nd4 13. Nxd4 Bxd4 14. c3 Bb6
15. Ba4+ Nd7 16. O-O Qe7 17. d4 O-O-O 18. Re1 Kb8 19. Bf4 f6 20. Re2 Qg7 21.
Rae1 h5 22. Qd3 Qg8 23. Bh2 Qf7 24. Kh1 Qxd5 25. Qxg6 Rhg8 26. Qe4 Qxe4 27.
Rxe4 c6 28. Bd1 Bc7 29. Bxh5 Rg5 30. Bd1 f5 31. f4 Rg7 32. R4e3 e4 33. g4 fxg4
34. hxg4 d5 35. Rh3 c5 36. f5 cxd4 37. cxd4 Bxh2 38. Kxh2 Nf6 39. Kg3 Rdg8 40.
Rh4 Kc7 41. Kf4 Kd6 42. Reh1 Ke7 43. Rh8 Rxg4+ 44. Bxg4 Rxg4+ 45. Ke3 Rg3+ 46.
Kd2 Rd3+ 47. Ke2 Rxd4 48. Rb8 Rc4 49. Rxb7+ Kd6 50. Rh6 Ke5 51. Re7+ Kxf5 52.
Rf7 Rc6 53. Rxa7 Rc2+ 54. Kd1 Rxb2 55. Rf7 Rb6 56. a4 Ke5 57. Rhxf6 Rb1+ 58.
Kc2 Ra1 59. Rf5+ Kd6 60. R7f6+ Kc5 61. a5 Kc4 62. a6 d4 63. Rc6+ Kb4 64. Rf4
d3+ 65. Kd2 Ra2+ 66. Kd1 Kb5 67. Rc8 e3 68. Re4 e2+ 69. Ke1 Ra1+ 70. Kd2 Rd1+
71. Kc3 Rc1+ 72. Kxd3 Rxc8 73. Rxe2 Kxa6 74. Rc2 Rd8+ 75. Ke4 Rh8 76. Rb2
1/2-1/2

[Event "Paul Keres mem 46th"]
[Site "Richmond CAN"]
[Date "2022.05.23"]
[Round "6.10"]
[White "Verdon, Norman"]
[Black "Yang, Jingyun (Ryan)"]
[Result "0-1"]
[WhiteElo "1982"]
[BlackElo "1951"]
[PlyCount "90"]
[EventDate "2022.05.21"]
[EventType "swiss"]
[EventRounds "6"]
[EventCountry "CAN"]

1. e4 e5 2. Nf3 Nc6 3. Bb5 a6 4. Ba4 b5 5. Bb3 Nf6 6. O-O Bc5 7. d3 d6 8. Bg5
h6 9. Be3 Bxe3 10. fxe3 O-O 11. a4 Bd7 12. Nc3 Na5 13. Nd5 Nxb3 14. Nxf6+ Qxf6
15. cxb3 Qe7 16. Qc2 c5 17. d4 Rac8 18. dxe5 dxe5 19. Qc3 f6 20. Nh4 Qf7 21.
axb5 Bxb5 22. Nf5 Bxf1 23. Nd6 Qc7 24. Nxc8 Bb5 25. Rd1 Rxc8 26. Rd5 c4 27. b4
Rd8 28. Qd2 Rd7 29. Qc2 Rxd5 30. exd5 Qd6 31. Qd2 e4 32. Qd4 Qe5 33. Qc5 Kh7
34. h3 Qxb2 35. d6 Qa1+ 36. Kf2 Qb2+ 37. Kg1 Qe5 38. Qc7 c3 39. Kh1 Qd5 40.
Qxc3 Qd1+ 41. Kh2 Qxd6+ 42. Kg1 Bd3 43. Qc8 Qe5 44. Kf2 Qg5 45. Qf8 Qh4+ 0-1

[Event "Perce-Neige"]
[Site "Montreal CAN"]
[Date "2022.04.09"]
[Round "1.2"]
[White "Sherwany, Amanj"]
[Black "Guipi Bopala, Prince Eric jr"]
[Result "0-1"]
[WhiteElo "1700"]
[BlackElo "2021"]
[PlyCount "106"]
[EventDate "2022.04.09"]
[EventType "swiss"]
[EventRounds "4"]
[EventCountry "CAN"]

1. e4 c6 2. d4 d5 3. exd5 cxd5 4. Nf3 Nf6 5. Bb5+ Bd7 6. Nc3 Bxb5 7. Nxb5 Qa5+
8. Nc3 Ne4 9. Bd2 Nxd2 10. Qxd2 e6 11. Ne2 Bb4 12. c3 Bd6 13. Nf4 Bxf4 14. Qxf4
Nd7 15. Ne5 Nxe5 16. Qxe5 O-O 17. O-O b5 18. Qd6 Rfd8 19. Qb4 Qxb4 20. cxb4
Rdc8 21. Rfc1 Rc4 22. Rxc4 bxc4 23. Rb1 a5 24. bxa5 Rxa5 25. b3 Kf8 26. bxc4
dxc4 27. Rb2 Rd5 28. Kf1 Rxd4 29. Ke2 Ke7 30. Rd2 Rd5 31. Rc2 Rc5 32. Kd2 Kd6
33. Kc3 Kd5 34. Rd2+ Ke4 35. a4 Ra5 36. Kb4 Ra7 37. Re2+ Kd4 38. Rd2+ Ke4 39.
Rc2 Kd5 40. Rxc4 Rxa4+ 41. Kxa4 Kxc4 42. Ka3 Kd3 43. Kb4 Ke2 44. f4 Kf2 45. g4
Kf3 46. f5 Kxg4 47. fxe6 fxe6 48. Kc5 Kh3 49. Kd6 g5 50. Kxe6 g4 51. Kf5 h5 52.
Kg5 Kxh2 53. Kxh5 g3 0-1

[Event "Perce-Neige"]
[Site "Montreal CAN"]
[Date "2022.04.09"]
[Round "1.3"]
[White "Turcotte, Jonathan"]
[Black "Gauthier, Luc"]
[Result "1-0"]
[WhiteElo "2010"]
[BlackElo "1672"]
[PlyCount "31"]
[EventDate "2022.04.09"]
[EventType "swiss"]
[EventRounds "4"]
[EventCountry "CAN"]

1. d4 d5 2. c4 Nc6 3. Nc3 dxc4 4. Nf3 Bg4 5. d5 Bxf3 6. exf3 Ne5 7. Bf4 Ng6 8.
Bg3 c6 9. Bxc4 Nf6 10. O-O a6 11. dxc6 bxc6 12. Qb3 e6 13. Qb7 Qc8 14. Qxc8+
Rxc8 15. Bxa6 Rd8 16. Bb7 1-0

[Event "Perce-Neige"]
[Site "Montreal CAN"]
[Date "2022.04.09"]
[Round "1.4"]
[White "Avarian, Aram Sevag"]
[Black "Forget, Luc"]
[Result "1-0"]
[WhiteElo "1663"]
[BlackElo "1945"]
[PlyCount "75"]
[EventDate "2022.04.09"]
[EventType "swiss"]
[EventRounds "4"]
[EventCountry "CAN"]

1. d4 Nf6 2. Bf4 c5 3. e3 Qa5+ 4. c3 cxd4 5. exd4 d5 6. Bd3 Nc6 7. Nd2 e6 8. h4
Qd8 9. Ngf3 Bd6 10. Bxd6 Qxd6 11. Qe2 O-O 12. O-O-O Bd7 13. Ne5 Rfc8 14. Kb1 a5
15. g4 Be8 16. g5 Nd7 17. f4 Nf8 18. h5 Nxe5 19. fxe5 Qd7 20. Qf2 Qe7 21. Rdg1
a4 22. a3 Rc7 23. Nf1 Rac8 24. Qc2 g6 25. Ne3 b5 26. Ng4 b4 27. axb4 a3 28.
Nf6+ Kg7 29. hxg6 fxg6 30. Rh6 Kh8 31. Rgh1 Qd8 32. bxa3 Rg7 33. a4 Qc7 34. Kb2
Bxa4 35. Qd2 Be8 36. Ba6 Ra8 37. Qe2 Ra7 38. Nxe8 1-0

[Event "Perce-Neige"]
[Site "Montreal CAN"]
[Date "2022.04.09"]
[Round "1.5"]
[White "Tsukerman, Julia"]
[Black "Couture-Harpin, Nicolas"]
[Result "1-0"]
[WhiteElo "1932"]
[BlackElo "1649"]
[PlyCount "99"]
[EventDate "2022.04.09"]
[EventType "swiss"]
[EventRounds "4"]
[EventCountry "CAN"]

1. e4 Nf6 2. e5 Nd5 3. c4 Nb6 4. d4 d6 5. exd6 cxd6 6. b3 g6 7. Bb2 Bg7 8. Nf3
O-O 9. Be2 Nc6 10. O-O Bg4 11. Qd2 d5 12. c5 Nc8 13. b4 a6 14. a4 e6 15. Na3
N8e7 16. Nc2 Nf5 17. Rfd1 h5 18. Bc3 h4 19. b5 Bh6 20. Qe1 axb5 21. axb5 Rxa1
22. Rxa1 Bxf3 23. Bxf3 Nce7 24. Nb4 Bf4 25. Nd3 Bb8 26. Ne5 Kg7 27. Qe2 Ng8 28.
g3 Qc7 29. Bg2 Rc8 30. b6 Qd8 31. g4 Qg5 32. h3 Nfh6 33. Bd2 Qe7 34. Nf3 f6 35.
Re1 e5 36. dxe5 fxe5 37. Nxe5 Qxc5 38. Nd7 Qd6 39. Nxb8 Nf7 40. Qb5 Rxb8 41.
Bxd5 Rf8 42. Bc3+ Nf6 43. Re6 Qf4 44. Bxf6+ Kh7 45. Qc4 Qb8 46. Qc7 Qa8 47. Re7
Rc8 48. Rxf7+ Kg8 49. Rg7+ Kh8 50. Rxg6# 1-0

[Event "Perce-Neige"]
[Site "Montreal CAN"]
[Date "2022.04.09"]
[Round "1.6"]
[White "Nica, Ion"]
[Black "Cote, Etienne"]
[Result "0-1"]
[WhiteElo "1640"]
[BlackElo "1819"]
[PlyCount "66"]
[EventDate "2022.04.09"]
[EventType "swiss"]
[EventRounds "4"]
[EventCountry "CAN"]

1. d4 Nf6 2. Bf4 d6 3. Nc3 g6 4. e4 Bg7 5. Be2 O-O 6. Qd2 Re8 7. O-O-O c6 8. h4
h5 9. f3 b5 10. e5 b4 11. exf6 bxc3 12. Qxc3 Bxf6 13. g4 hxg4 14. fxg4 c5 15.
Bf3 cxd4 16. Qa3 d5 17. g5 Bg7 18. h5 e5 19. hxg6 fxg6 20. Qb3 Be6 21. Qb7 Nd7
22. Bxd5 exf4 23. Qb3 Qb6 24. Qf3 Bxd5 25. Qxd5+ Qe6 26. Qg2 Qxa2 27. Qh2 Qa1+
28. Kd2 Qxb2 29. Qh7+ Kf7 30. Rh6 Qc3+ 31. Kc1 Qe3+ 32. Kb1 Rab8+ 33. Ka2 Qe6+
0-1

[Event "Perce-Neige"]
[Site "Montreal CAN"]
[Date "2022.04.09"]
[Round "1.7"]
[White "Wang, Rachel"]
[Black "Duplessis, Claude"]
[Result "1-0"]
[WhiteElo "1813"]
[BlackElo "1512"]
[PlyCount "117"]
[EventDate "2022.04.09"]
[EventType "swiss"]
[EventRounds "4"]
[EventCountry "CAN"]

1. d4 d5 2. c4 dxc4 3. Nf3 a6 4. e3 e6 5. Bxc4 Nf6 6. O-O c5 7. Nc3 cxd4 8.
exd4 Be7 9. a3 b5 10. Ba2 Bb7 11. Be3 O-O 12. Ne5 Nc6 13. f4 Nxe5 14. fxe5 Nd5
15. Nxd5 Bxd5 16. Bb1 Bg5 17. Bxh7+ Kh8 18. Bf4 Bxf4 19. Rxf4 Qg5 20. Rg4 Qe3+
21. Kh1 Kxh7 22. Rh4+ Kg8 23. Qh5 Qh6 24. Qg4 Qg6 25. Qh3 Bxg2+ 26. Qxg2 Qxg2+
27. Kxg2 Rac8 28. Rf1 Rc2+ 29. Rf2 Rxf2+ 30. Kxf2 Rc8 31. Re4 Rc2+ 32. Re2
Rxe2+ 33. Kxe2 f5 34. exf6 gxf6 35. Ke3 Kf7 36. Kf4 Kg6 37. Kg4 Kh6 38. b4 Kg6
39. Kf4 Kh5 40. Ke4 Kg4 41. d5 f5+ 42. Ke5 exd5 43. Kxd5 f4 44. Ke4 f3 45. Ke3
Kh3 46. Kxf3 Kxh2 47. Ke4 Kg3 48. Kd5 Kf4 49. Kc5 Ke5 50. Kb6 Kd6 51. Kxa6 Kc6
52. Ka5 Kb7 53. Kxb5 Ka7 54. Kc6 Ka6 55. b5+ Ka7 56. Kc7 Ka8 57. a4 Ka7 58. b6+
Ka6 59. b7 1-0

[Event "Perce-Neige"]
[Site "Montreal CAN"]
[Date "2022.04.09"]
[Round "1.8"]
[White "Tachijian, Mardig"]
[Black "Joanis, Marc-Andre"]
[Result "1/2-1/2"]
[WhiteElo "1397"]
[BlackElo "1789"]
[PlyCount "135"]
[EventDate "2022.04.09"]
[EventType "swiss"]
[EventRounds "4"]
[EventCountry "CAN"]

1. d4 Nf6 2. Bf4 e6 3. e3 b6 4. Nd2 Bb7 5. Ngf3 d5 6. c3 Bd6 7. Bg3 O-O 8. Bd3
Ne4 9. Qc2 f5 10. Bxd6 cxd6 11. c4 Nc6 12. a3 Rc8 13. b3 Na5 14. Rc1 Nxd2 15.
Kxd2 dxc4 16. bxc4 Be4 17. Qa2 Bxd3 18. Kxd3 Kh8 19. Rhd1 Qd7 20. Ke2 Nxc4 21.
d5 b5 22. dxe6 Qxe6 23. Nd4 Qe5 24. Nf3 Qc5 25. Rd4 Qxa3 26. Qxa3 Nxa3 27. Rxc8
Rxc8 28. Rxd6 a5 29. Nd4 g6 30. Rb6 b4 31. Ra6 Rb8 32. Nb3 Rb5 33. Rxa5 Rxa5
34. Nxa5 Nb5 35. Kd3 Nd6 36. f3 Kg7 37. Nc6 b3 38. Kc3 b2 39. Kxb2 Nc4+ 40. Kc3
Nxe3 41. Kd3 Nxg2 42. Nd4 Kf6 43. Ke2 Ke5 44. Nc6+ Kf4 45. Nd8 Nh4 46. Ne6+ Ke5
47. Ng5 h5 48. Ke3 f4+ 49. Kf2 Kf5 50. Ne4 g5 51. h3 Ng6 52. Nd6+ Ke5 53. Nf7+
Kf6 54. Nd6 Nh4 55. Ne4+ Kf5 56. Nd6+ Kg6 57. Ne4 Nf5 58. Nc5 Nd4 59. Ne4 Nb5
60. Kg2 Kf5 61. Nf2 Nc3 62. Nd3 Nd1 63. Nb4 Ne3+ 64. Kf2 Ke5 65. Nc6+ Kf5 66.
Nd4+ Kf6 67. Ke2 Ke5 68. Nc6+ 1/2-1/2

[Event "Perce-Neige"]
[Site "Montreal CAN"]
[Date "2022.04.09"]
[Round "2.1"]
[White "Zheng, Richard"]
[Black "Tsukerman, Julia"]
[Result "1-0"]
[WhiteElo "2193"]
[BlackElo "1932"]
[PlyCount "65"]
[EventDate "2022.04.09"]
[EventType "swiss"]
[EventRounds "4"]
[EventCountry "CAN"]

1. d4 d5 2. c4 e6 3. Nc3 Nf6 4. cxd5 exd5 5. Bg5 Be7 6. Qc2 Nbd7 7. Nf3 c6 8.
e3 Nh5 9. Bxe7 Qxe7 10. O-O-O Nb6 11. h3 g6 12. Bd3 Be6 13. Kb1 O-O-O 14. Na4
Nd7 15. Ka1 Ng7 16. g4 f5 17. g5 Rhf8 18. Rhe1 Qd6 19. Nc5 Nxc5 20. dxc5 Qb8
21. Qc3 Rf7 22. Ne5 Re7 23. f4 Bg8 24. b4 a6 25. Nf3 d4 26. Nxd4 Bd5 27. Bc4
Red7 28. Rd2 Kc7 29. Red1 Bxc4 30. Nb5+ Kc8 31. Rxd7 Rxd7 32. Rxd7 Kxd7 33.
Qxg7+ 1-0

[Event "Perce-Neige"]
[Site "Montreal CAN"]
[Date "2022.04.09"]
[Round "2.2"]
[White "Guipi Bopala, Prince Eric jr"]
[Black "Wang, Rachel"]
[Result "1-0"]
[WhiteElo "2021"]
[BlackElo "1813"]
[PlyCount "91"]
[EventDate "2022.04.09"]
[EventType "swiss"]
[EventRounds "4"]
[EventCountry "CAN"]

1. d4 d5 2. c4 dxc4 3. Nc3 Nf6 4. e3 e6 5. Bxc4 c5 6. Nf3 Nc6 7. O-O cxd4 8.
exd4 Be7 9. h3 O-O 10. Bf4 Na5 11. Be2 b6 12. Qd2 Bb7 13. Rfd1 Nd5 14. Nxd5
Bxd5 15. Ne5 f6 16. Ng4 Nc6 17. Ne3 Be4 18. Bc4 Bd5 19. Nxd5 exd5 20. Bb5 Na5
21. Rac1 a6 22. Bc7 Qc8 23. Bxb6 Qb7 24. Bxa5 Qxb5 25. Re1 Bd8 26. Bxd8 Rfxd8
27. Re7 Rd7 28. Qe3 Rxe7 29. Qxe7 Re8 30. Qc5 Re2 31. Qa7 Qe8 32. Rc7 Qg6 33.
Qa8+ Re8 34. Qxd5+ Kh8 35. Qf7 Re1+ 36. Kh2 Qxf7 37. Rxf7 Kg8 38. Ra7 Re2 39.
Rxa6 Rxb2 40. Kg3 Rb4 41. d5 Kf7 42. Ra7+ Kf8 43. d6 Rb6 44. Ra8+ Kf7 45. d7
Rd6 46. d8=Q 1-0

[Event "Perce-Neige"]
[Site "Montreal CAN"]
[Date "2022.04.09"]
[Round "2.3"]
[White "Avarian, Aram Sevag"]
[Black "Turcotte, Jonathan"]
[Result "0-1"]
[WhiteElo "1663"]
[BlackElo "2010"]
[PlyCount "127"]
[EventDate "2022.04.09"]
[EventType "swiss"]
[EventRounds "4"]
[EventCountry "CAN"]

1. e4 c6 2. d4 d5 3. exd5 cxd5 4. Bd3 Nc6 5. c3 Qc7 6. Ne2 Bg4 7. O-O Nf6 8.
Qe1 e6 9. Bf4 Qb6 10. f3 Bh5 11. Kh1 Bg6 12. Qd2 Be7 13. Na3 Bxd3 14. Qxd3 O-O
15. Nc2 Rac8 16. Ng3 Na5 17. b3 Qc6 18. Bd2 b5 19. Rfc1 Qb6 20. f4 Nc6 21. b4
a5 22. a3 h5 23. h4 g6 24. Be1 Bd6 25. Qf3 Ne7 26. Ne3 Kg7 27. Bd2 axb4 28.
axb4 Qb8 29. Rf1 Qb7 30. Ra5 Bc7 31. Raa1 Ra8 32. Nc2 Ne4 33. Nxe4 dxe4 34. Qf2
f5 35. Ne3 Rfc8 36. Qg1 Bd6 37. g3 Nd5 38. Nxd5 Qxd5 39. Qe3 Qc4 40. Rfb1 Ra2
41. Rxa2 Qxa2 42. Qe1 Ra8 43. Qc1 Qd5 44. Be3 Rc8 45. Qd2 Qc4 46. Rc1 Ra8 47.
Qf2 Ra3 48. Qd2 Qb3 49. Qc2 Qxc2 50. Rxc2 Bxb4 51. d5 Kf7 52. Bd4 Ba5 53. d6
Ke8 54. Kg2 Kd7 55. Be5 Ra4 56. Rb2 b4 57. c4 Bb6 58. Rd2 b3 59. Bb2 Rxc4 60.
Kf1 Ba5 61. Rd1 Rc2 62. Ba3 e3 63. Rb1 e2+ 64. Kg1 0-1

[Event "Perce-Neige"]
[Site "Montreal CAN"]
[Date "2022.04.09"]
[Round "2.4"]
[White "Joanis, Marc-Andre"]
[Black "Jacquet, Stephane"]
[Result "1/2-1/2"]
[WhiteElo "1789"]
[BlackElo "1992"]
[PlyCount "60"]
[EventDate "2022.04.09"]
[EventType "swiss"]
[EventRounds "4"]
[EventCountry "CAN"]

1. Nf3 Nf6 2. c4 g6 3. g3 Bg7 4. Bg2 O-O 5. O-O d6 6. d4 Nc6 7. Nc3 e5 8. dxe5
Nxe5 9. Nxe5 dxe5 10. Bg5 Qxd1 11. Rfxd1 c6 12. Rac1 Be6 13. b3 Rfe8 14. Bxf6
Bxf6 15. Ne4 Be7 16. Nd6 Bxd6 17. Rxd6 Red8 18. Rcd1 Rxd6 19. Rxd6 Kf8 20. Kf1
Ke7 21. Rd2 a5 22. a4 Rd8 23. Rxd8 Kxd8 24. Ke1 b5 25. Kd2 bxa4 26. bxa4 Bxc4
27. Bxc6 Kc7 28. Be8 Kd6 29. e3 Kc5 30. Kc3 g5 1/2-1/2

[Event "Perce-Neige"]
[Site "Montreal CAN"]
[Date "2022.04.09"]
[Round "2.5"]
[White "Forget, Luc"]
[Black "Tachijian, Mardig"]
[Result "1-0"]
[WhiteElo "1945"]
[BlackElo "1397"]
[PlyCount "51"]
[EventDate "2022.04.09"]
[EventType "swiss"]
[EventRounds "4"]
[EventCountry "CAN"]

1. d4 Nf6 2. c4 e6 3. Nc3 d5 4. Bg5 Be7 5. e3 c6 6. Nf3 Nbd7 7. Qc2 h6 8. Bh4
O-O 9. a3 Qc7 10. Rc1 e5 11. cxd5 exd4 12. exd4 cxd5 13. Nxd5 Nxd5 14. Qxc7
Nxc7 15. Rxc7 Bxh4 16. Nxh4 Nf6 17. Bc4 Nd7 18. O-O Re8 19. Nf5 Rb8 20. Nd6 Rf8
21. Rc1 Nb6 22. Bxf7+ Kh7 23. Nxc8 Nxc8 24. Bd5 Nd6 25. Rd7 Nb5 26. a4 1-0

[Event "Perce-Neige"]
[Site "Montreal CAN"]
[Date "2022.04.09"]
[Round "2.6"]
[White "Couture-Harpin, Nicolas"]
[Black "Sherwany, Amanj"]
[Result "1-0"]
[WhiteElo "1649"]
[BlackElo "1700"]
[PlyCount "53"]
[EventDate "2022.04.09"]
[EventType "swiss"]
[EventRounds "4"]
[EventCountry "CAN"]

1. Nf3 Nc6 2. d4 e6 3. c4 d5 4. a3 Nf6 5. Nc3 Be7 6. Bf4 a6 7. e3 Nh5 8. Bg3
Nxg3 9. hxg3 Bf6 10. cxd5 exd5 11. Qb3 Ne7 12. e4 dxe4 13. Nxe4 Nc6 14. Rd1 Qe7
15. Bd3 Nxd4 16. Nxd4 Bxd4 17. Qa4+ Qd7 18. Qb4 c5 19. Nxc5 Qe7+ 20. Ne4 Qxb4+
21. axb4 Bxb2 22. Kd2 O-O 23. Rxh7 Kxh7 24. Nf6+ Kh6 25. Rh1+ Kg5 26. Nh7+ Kg4
27. Rh4# 1-0

[Event "Perce-Neige"]
[Site "Montreal CAN"]
[Date "2022.04.09"]
[Round "2.7"]
[White "Gauthier, Luc"]
[Black "Nica, Ion"]
[Result "1/2-1/2"]
[WhiteElo "1672"]
[BlackElo "1640"]
[PlyCount "40"]
[EventDate "2022.04.09"]
[EventType "swiss"]
[EventRounds "4"]
[EventCountry "CAN"]

1. e4 b6 2. d4 Bb7 3. Bd3 g6 4. Be3 Bg7 5. c3 d6 6. Nf3 e6 7. Nbd2 Nd7 8. a4 a6
9. O-O Ne7 10. Qb3 O-O 11. Rfe1 h6 12. Nf1 Nc6 13. Qc2 Nf6 14. h3 Qd7 15. Qd2
Na5 16. Qc2 c5 17. e5 Nd5 18. exd6 Nxe3 19. Rxe3 cxd4 20. Nxd4 Rac8 1/2-1/2

[Event "Perce-Neige"]
[Site "Montreal CAN"]
[Date "2022.04.10"]
[Round "3.1"]
[White "Turcotte, Jonathan"]
[Black "Zheng, Richard"]
[Result "0-1"]
[WhiteElo "2010"]
[BlackElo "2193"]
[PlyCount "112"]
[EventDate "2022.04.09"]
[EventType "swiss"]
[EventRounds "4"]
[EventCountry "CAN"]

1. d4 Nf6 2. c4 e6 3. Nf3 d5 4. Nc3 Bb4 5. cxd5 exd5 6. Bg5 O-O 7. e3 Bf5 8.
Be2 Nbd7 9. O-O c6 10. Qb3 Qb6 11. Bh4 Bd6 12. Nd2 Rfe8 13. Rfc1 h6 14. Bg3
Bxg3 15. hxg3 g5 16. a4 a5 17. Qxb6 Nxb6 18. Ra3 Nfd7 19. Rb3 Bg6 20. g4 Kg7
21. Nf1 Ra7 22. Nd2 Nc8 23. Bf3 Nd6 24. Ne2 Nb8 25. Nc3 Na6 26. Na2 Rea8 27.
Rb6 Nc8 28. Rb3 Nd6 29. Rb6 Kf8 30. Be2 Ke7 31. Nf3 f6 32. Nd2 Kd7 33. Bxa6
Rxa6 34. Rxa6 Rxa6 35. Nb3 Rb6 36. Nc5+ Ke7 37. b3 Ne4 38. Nxe4 dxe4 39. Rc3
Bf7 40. Nc1 Bd5 41. Kf1 Rb4 42. Ke2 b5 43. axb5 cxb5 44. Kd2 a4 45. bxa4 Rb2+
46. Rc2 Rxc2+ 47. Kxc2 bxa4 48. Kb2 Be6 49. Ka3 Bxg4 50. Kxa4 h5 51. Kb4 h4 52.
Nb3 Bf3 53. Kc5 Bxg2 54. Kc6 h3 55. d5 h2 56. d6+ Kd8 0-1

[Event "Perce-Neige"]
[Site "Montreal CAN"]
[Date "2022.04.10"]
[Round "3.2"]
[White "Jacquet, Stephane"]
[Black "Guipi Bopala, Prince Eric jr"]
[Result "1/2-1/2"]
[WhiteElo "1992"]
[BlackElo "2021"]
[PlyCount "138"]
[EventDate "2022.04.09"]
[EventType "swiss"]
[EventRounds "4"]
[EventCountry "CAN"]

1. d4 d5 2. c4 e6 3. Nc3 Be7 4. cxd5 exd5 5. Bf4 Nf6 6. Qc2 c6 7. Nf3 O-O 8. h3
Nbd7 9. e3 Re8 10. Bd3 Nf8 11. O-O Ng6 12. Bh2 Bd6 13. Bxd6 Qxd6 14. Rab1 Qe7
15. b4 Ne4 16. b5 Bd7 17. bxc6 Bxc6 18. Rfc1 Rac8 19. Qe2 Nxc3 20. Rxc3 Nf4 21.
Qc2 Nxd3 22. Qxd3 b6 23. Rbc1 Bd7 24. Rc7 Rxc7 25. Rxc7 Rc8 26. Rxa7 Qd6 27.
Ne5 Be6 28. Qa3 Qd8 29. Qe7 Qxe7 30. Rxe7 Kf8 31. Rb7 Ra8 32. g4 Rxa2 33. Rxb6
g5 34. Nd3 Ke7 35. Nc5 Kf6 36. e4 Ke7 37. Rb7+ Kf6 38. e5+ Kg6 39. Rb6 Rd2 40.
Nxe6 fxe6 41. Rxe6+ Kf7 42. Rf6+ Kg7 43. f4 Rxd4 44. fxg5 Re4 45. Rf5 d4 46.
Kg2 d3 47. Rf1 Rxe5 48. h4 Re2+ 49. Kf3 Rh2 50. h5 Rh3+ 51. Kg2 Re3 52. Kf2
Re2+ 53. Kf3 Rh2 54. Rd1 Rh3+ 55. Ke4 Rg3 56. Rxd3 Rxg4+ 57. Kf5 Rg1 58. Rd7+
Kg8 59. h6 Rf1+ 60. Ke6 Re1+ 61. Kf6 Rf1+ 62. Ke5 Re1+ 63. Kf4 Rf1+ 64. Ke3 Rf7
65. Rd8+ Rf8 66. Rxf8+ Kxf8 67. Kf4 Kf7 68. Kf5 Kg8 69. Ke6 Kf8 1/2-1/2

[Event "Perce-Neige"]
[Site "Montreal CAN"]
[Date "2022.04.10"]
[Round "3.3"]
[White "Duplessis, Claude"]
[Black "Forget, Luc"]
[Result "0-1"]
[WhiteElo "1512"]
[BlackElo "1945"]
[PlyCount "74"]
[EventDate "2022.04.09"]
[EventType "swiss"]
[EventRounds "4"]
[EventCountry "CAN"]

1. e4 e6 2. d4 d5 3. e5 c5 4. c3 Nc6 5. Nf3 Bd7 6. Bd3 Qc7 7. O-O h6 8. c4 dxc4
9. Bxc4 cxd4 10. Bf4 g5 11. Bg3 Bg7 12. Re1 Nge7 13. Nxd4 Nxd4 14. Qxd4 O-O 15.
Nd2 Bc6 16. Ne4 Rfd8 17. Qc3 Nf5 18. Nf6+ Bxf6 19. exf6 Nxg3 20. hxg3 Bd5 21.
Rac1 Qxc4 22. Qxc4 Bxc4 23. Rxc4 Rac8 24. Rxc8 Rxc8 25. Kf1 Kh7 26. f4 Kg6 27.
g4 Kxf6 28. g3 Rc4 29. b3 Rd4 30. Kf2 gxf4 31. Kf3 fxg3 32. Kxg3 e5 33. Re2
Rd3+ 34. Kh4 Ke6 35. g5 hxg5+ 36. Kxg5 Rg3+ 37. Kh4 Rg7 0-1

[Event "Perce-Neige"]
[Site "Montreal CAN"]
[Date "2022.04.10"]
[Round "3.4"]
[White "Tsukerman, Julia"]
[Black "Joanis, Marc-Andre"]
[Result "1-0"]
[WhiteElo "1932"]
[BlackElo "1789"]
[PlyCount "55"]
[EventDate "2022.04.09"]
[EventType "swiss"]
[EventRounds "4"]
[EventCountry "CAN"]

1. e4 c5 2. Nf3 d6 3. d4 cxd4 4. Nxd4 Nf6 5. Nc3 e6 6. Be3 Be7 7. f3 Nc6 8. Qd2
O-O 9. O-O-O d5 10. exd5 Nxd5 11. Nxd5 Qxd5 12. Nxc6 Qxc6 13. Bd3 e5 14. Qa5
Be6 15. Be4 Qc4 16. b3 Qc8 17. Qxe5 a5 18. Kb1 a4 19. Qb5 axb3 20. cxb3 Ra3 21.
Bc1 Ra7 22. Rd2 Qa8 23. Rhd1 Rc8 24. Qd3 h6 25. f4 f6 26. Bd5 Bxd5 27. Qxd5+
Kh7 28. Qe4+ 1-0

[Event "Perce-Neige"]
[Site "Montreal CAN"]
[Date "2022.04.10"]
[Round "3.5"]
[White "Cote, Etienne"]
[Black "Avarian, Aram Sevag"]
[Result "0-1"]
[WhiteElo "1819"]
[BlackElo "1663"]
[PlyCount "96"]
[EventDate "2022.04.09"]
[EventType "swiss"]
[EventRounds "4"]
[EventCountry "CAN"]

1. e4 c5 2. Nf3 Nc6 3. d4 cxd4 4. Nxd4 g6 5. Be3 Bg7 6. Nc3 Nf6 7. Bc4 O-O 8.
f3 Qb6 9. Ncb5 a6 10. Nf5 Qd8 11. Nbd4 gxf5 12. Nxf5 d5 13. Nxg7 dxc4 14. Bh6
Qxd1+ 15. Rxd1 Rd8 16. Rxd8+ Nxd8 17. g4 Kh8 18. Nf5 Bxf5 19. gxf5 Ng8 20. Be3
Kg7 21. Rg1+ Kf8 22. Bd4 f6 23. Be3 Nc6 24. Kd2 Rd8+ 25. Kc3 b5 26. a3 Kf7 27.
Rg3 h6 28. Rh3 e5 29. fxe6+ Kxe6 30. Bxh6 Nxh6 31. Rxh6 Ke5 32. Rh5+ Ke6 33. a4
Nd4 34. axb5 axb5 35. Kb4 Nxf3 36. Rxb5 Ne5 37. Rb6+ Kf7 38. Rb7+ Kg6 39. Kc3
Rh8 40. b4 Rh3+ 41. Kd4 Rxh2 42. c3 Rd2+ 43. Kc5 Rd3 44. b5 Rxc3 45. b6 Rb3 46.
Kd4 Rd3+ 47. Kc5 c3 48. Ra7 c2 0-1

[Event "Perce-Neige"]
[Site "Montreal CAN"]
[Date "2022.04.10"]
[Round "3.6"]
[White "Wang, Rachel"]
[Black "Couture-Harpin, Nicolas"]
[Result "0-1"]
[WhiteElo "1813"]
[BlackElo "1649"]
[PlyCount "78"]
[EventDate "2022.04.09"]
[EventType "swiss"]
[EventRounds "4"]
[EventCountry "CAN"]

1. d4 Nf6 2. c4 g6 3. Nc3 d5 4. Bf4 Bg7 5. Nf3 c5 6. e3 cxd4 7. exd4 O-O 8. c5
Nc6 9. Be2 Ne4 10. O-O Bg4 11. Be3 Nxc3 12. bxc3 b6 13. Qa4 Qc7 14. cxb6 axb6
15. Qb5 e6 16. Rfc1 Ra5 17. Qb3 Ra7 18. Rab1 Rb8 19. Bb5 Bxf3 20. gxf3 Na5 21.
Qb4 Bf8 22. Qa4 Bd6 23. h3 Nc4 24. Qb3 Nxe3 25. fxe3 Qe7 26. Bf1 Qg5+ 27. Kf2
Qg3+ 28. Ke2 Rxa2+ 29. Kd3 Rba8 30. Qd1 Rf2 31. Be2 Qxh3 32. Rxb6 Qf5+ 33. e4
dxe4+ 34. fxe4 Qh3+ 35. Kc2 Bf4 36. Rcb1 Rc8 37. Qe1 Qe3 38. Kd1 Rxc3 39. Qxc3
Qxe2# 0-1

[Event "Perce-Neige"]
[Site "Montreal CAN"]
[Date "2022.04.10"]
[Round "3.7"]
[White "Sherwany, Amanj"]
[Black "Gauthier, Luc"]
[Result "1/2-1/2"]
[WhiteElo "1700"]
[BlackElo "1672"]
[PlyCount "56"]
[EventDate "2022.04.09"]
[EventType "swiss"]
[EventRounds "4"]
[EventCountry "CAN"]

1. e4 Nf6 2. Nc3 d5 3. e5 d4 4. exf6 dxc3 5. fxg7 cxd2+ 6. Qxd2 Qxd2+ 7. Bxd2
Bxg7 8. O-O-O Bf5 9. Bb5+ Nd7 10. Nf3 O-O-O 11. Bb4 Bf6 12. Rhe1 e6 13. h3 h5
14. Bxd7+ Rxd7 15. Rxd7 Kxd7 16. Ne5+ Bxe5 17. Rxe5 Rg8 18. g3 f6 19. Ra5 a6
20. h4 Rg4 21. Bc3 Ke7 22. Kd2 Rc4 23. b3 Rc6 24. Bb4+ Kd7 25. Bc3 Rd6+ 26. Kc1
Rc6 27. Kd2 Rd6+ 28. Kc1 Rc6 1/2-1/2

[Event "Perce-Neige"]
[Site "Montreal CAN"]
[Date "2022.04.10"]
[Round "4.1"]
[White "Guipi Bopala, Prince Eric jr"]
[Black "Turcotte, Jonathan"]
[Result "1-0"]
[WhiteElo "2021"]
[BlackElo "2010"]
[PlyCount "111"]
[EventDate "2022.04.09"]
[EventType "swiss"]
[EventRounds "4"]
[EventCountry "CAN"]

1. d4 d5 2. c4 c6 3. cxd5 cxd5 4. Nc3 Nf6 5. Bf4 Nc6 6. e3 Bf5 7. Nf3 e6 8. Bd3
Bxd3 9. Qxd3 Bb4 10. O-O O-O 11. Rfc1 Rc8 12. a3 Bxc3 13. Rxc3 Ne4 14. Rc2 g5
15. Bg3 h5 16. h4 g4 17. Nd2 Nxg3 18. fxg3 Qd6 19. Kh2 Ne7 20. Rxc8 Rxc8 21. e4
Ng6 22. exd5 Qxd5 23. Ne4 Kg7 24. Rf1 Rd8 25. Ng5 f6 26. Ne4 f5 27. Ng5 Kg8 28.
Qe3 Rd6 29. Rc1 Nf8 30. Rc8 Kg7 31. Rc7+ Rd7 32. Rxd7+ Qxd7 33. Qe5+ Kg6 34.
Qc5 Nh7 35. Nxh7 Kxh7 36. Qxa7 Kg6 37. a4 Kf6 38. b4 Ke7 39. b5 Kd8 40. Qb6+
Kc8 41. a5 Kb8 42. a6 Ka8 43. Qc5 bxa6 44. bxa6 Kb8 45. Qb6+ Ka8 46. Qc5 Kb8
47. Kg1 Qc7 48. Qxc7+ Kxc7 49. Kf2 Kb6 50. Ke3 Kxa6 51. Kf4 Kb5 52. Kg5 Kc4 53.
Kxh5 Kxd4 54. Kg5 e5 55. h5 f4 56. gxf4 1-0